Vista normal
Vista MARC
Entrada Nombre corporativo
Número de registros utilizados en: 1
001 - NÚMERO DE CONTROL
- campo de control: 88436
003 - IDENTIFICADOR DEL NÚMERO DE CONTROL
- campo de control: DO-SdBNP
005 - FECHA Y HORA DE LA ÚLTIMA TRANSACCIÓN
- campo de control: 20250725095711.0
008 - DATOS DE LONGITUD FIJA
- campo de control de longitud fija: 250725|| aca||aabn | a|a d
040 ## - FUENTE DE LA CATALOGACIÓN
- Centro catalogador/agencia de origen: DO-SdBNP
- Centro/agencia transcriptor: DO-SdBNP
110 ## - ENCABEZAMIENTO-NOMBRE DE ENTIDAD CORPORATIVA
- Nombre de entidad corporativa o nombre de jurisdicción como elemento de entrada: República Dominicana
- Unidad subordinada: Comisionado de Apoyo a la Reforma y Modernizacián de la Justicia
- Unidad subordinada: Comisión Nacional de Ejecución de la Reforma Procesal Penal
670 ## - FUENTE DE DATOS ENCONTRADOS
- Cita de la fuente: Work cat.: (DO-SdBNP)39903: República Dominicana. 447 Comisionado de Apoyo a la Reforma y Modernización de la Justicia, Ley general de protección de los derechos del consumidor o usuario no. 358-05 /
